logo

Bir Sreshtho Munshi Abdur Rouf Library
Jhenaidah Cadet College

Growing up! : (Record no. 8664)

MARC details
000 -LEADER
fixed length control field 00718nam a22002653 4500
001 - CONTROL NUMBER
JCCL Control Number 8664
003 - CONTROL NUMBER IDENTIFIER
JCCL marc code BD-JhCC
005 - DATE AND TIME OF LATEST TRANSACTION
control field 20180712115016.0
008 - FIXED-LENGTH DATA ELEMENTS--GENERAL INFORMATION
fixed length control field 931015s2008 enk 000 0
020 ## - INTERNATIONAL STANDARD BOOK NUMBER
International Standard Book Number 9780756636715
035 ## - SYSTEM CONTROL NUMBER
system control number (BD-JhCC)8664
040 ## - CATALOGING SOURCE
Original cataloging agency BD-JhCC
Modifying agency BD-JhCC
041 ## - LANGUAGE CODE
Language code of Book eng
082 ## - DEWEY DECIMAL CLASSIFICATION NUMBER
Classification number 649.1
Author mark and Year GRO 2008
245 10 - TITLE STATEMENT
Title Growing up! :
Remainder of title A parent's guide to childhood /
Statement of responsibility, etc Carol Cooper...[et.all] and Consultant editor Dr. Kate Cronan
260 ## - PUBLICATION, DISTRIBUTION, ETC. (IMPRINT)
Place of publication, distribution, etc Lond. &c.
Date of publication, distribution, etc c2008.
300 ## - PHYSICAL DESCRIPTION
Dimensions cm.18
Pagination 320 p. :
Other physical details ill. ;
504 ## - BIBLIOGRAPHY, ETC. NOTE
Bibliography, etc Includes Index.
650 ## - SUBJECT ADDED ENTRY--TOPICAL TERM
Topical term or geographic name as entry element Parenting
650 ## - SUBJECT ADDED ENTRY--TOPICAL TERM
Topical term or geographic name as entry element Child rearing
700 ## - ADDED ENTRY--PERSONAL NAME
Personal name Cooper, Carol
700 ## - ADDED ENTRY--PERSONAL NAME
Personal name Cronan, Dr. Kate
942 ## - ADDED ENTRY ELEMENTS (KOHA)
Source of classification or shelving scheme Dewey Decimal Classification
Koha item type Books
Holdings
Source of classification or shelving scheme Damaged status Not for loan Home library Current library Shelving location Date of accession Total Checkouts Full call number Barcode Date last seen Copy number Koha item type
Dewey Decimal Classification     JCC Rouf Library JCC Rouf Library General Stacks 03/01/2018   649.1 GRO 2008 10746 03/01/2018 C-1 Books

JCC Library | Contacts | JCC Home

Last Update on 23 September 2017
Copyright @ 2017-2020 JCC Rouf Library
Rouf Library, Jhenidah Cadet College (JCC), Bangladesh